[Event "SVK-chT2A 2223"]
[Site "Slovakia"]
[Date "2022.10.09"]
[Round "2.8"]
[White "Mikudik, Ivan"]
[Black "Klimek, Martin1111"]
[Result "1-0"]
[WhiteElo "1893"]
[BlackElo "1383"]
[PlyCount "69"]
[EventDate "2022.10.08"]
[EventType "team-tourn"]
[EventRounds "11"]
[EventCountry "SVK"]
[SourceTitle "CBM 210 Extra"]
[Source "ChessBase"]
[SourceDate "2022.11.30"]
[SourceVersion "1"]
[SourceVersionDate "2022.11.30"]
[SourceQuality "1"]
[WhiteTeam "Krasnany"]
[BlackTeam "Senec"]
[WhiteTeamCountry "SVK"]
[BlackTeamCountry "SVK"]

1. d4 Nf6 2. c4 c5 3. d5 e6 4. Nc3 exd5 5. cxd5 Bd6 6. Nf3 Bc7 7. Bg5 d6 8. e3 0-0 9. Bd3 Nbd7 10. Bc2 Ba5 11. Qd3 Re8 12. 0-0 Bxc3 13. bxc3 Nf8 14. Nd2 h6 15. Bh4 Ng6 16. Bxf6 Qxf6 17. Ne4 Qe7 18. Ng3 Qg5 19. Rae1 Rb8 20. c4 Bd7 21. a4 a6 22. a5 b5 23. axb6 Rxb6 24. f4 Qe7 25. e4 Nxf4 26. Rxf4 Qe5 27. Rff1 h5 28. Qf3 Rb2 29. Qxf7+ Kh8 30. Qxd7 Rxc2 31. Rf5 Re7 32. Qd8+ Re8 33. Qg5 Qd4+ 34. Kh1 Qd2 35. Qxh5+ 1-0

[Event "SVK-chT2A 2122"]
[Site "Slovakia"]
[Date "2022.05.01"]
[Round "11.5"]
[White "Mikudik, Ivan"]
[Black "Slobodnik, Michal"]
[Result "1/2-1/2"]
[WhiteElo "1882"]
[BlackElo "2039"]
[PlyCount "35"]
[EventDate "2021.10.16"]
[EventType "team-tourn"]
[EventRounds "11"]
[EventCountry "SVK"]
[SourceTitle "EXT 2023"]
[Source "ChessBase"]
[SourceDate "2022.10.05"]
[SourceVersion "1"]
[SourceVersionDate "2022.10.05"]
[SourceQuality "1"]
[WhiteTeam "Krasnany"]
[BlackTeam "Trnava Sered"]
[WhiteTeamCountry "SVK"]
[BlackTeamCountry "SVK"]

1. d4 g6 2. c4 Bg7 3. Nc3 a6 4. e4 Nc6 5. d5 Nd4 6. Be3 c5 7. dxc6 dxc6 8. Bd3 e5 9. Nge2 Ne7 10. b4 a5 11. b5 c5 12. Nd5 Be6 13. Qd2 Bxd5 14. cxd5 Qd6 15. Nc3 b6 16. Na4 Nc8 17. Nb2 Qd7 18. Bxd4 1/2-1/2

[Event "SVK-chT3A2 2122"]
[Site "Slovakia"]
[Date "2022.04.03"]
[Round "5.3"]
[White "Gajarsky, Julius"]
[Black "Mikudik, Ivan"]
[Result "1/2-1/2"]
[WhiteElo "1659"]
[BlackElo "1902"]
[PlyCount "45"]
[EventDate "2021.10.10"]
[EventType "team-tourn"]
[EventRounds "11"]
[EventCountry "SVK"]
[SourceTitle "EXT 2024"]
[Source "ChessBase"]
[SourceDate "2023.10.10"]
[SourceVersion "1"]
[SourceVersionDate "2023.10.10"]
[SourceQuality "1"]
[WhiteTeam "Modranka Komplet II"]
[BlackTeam "Vrbove"]
[WhiteTeamCountry "SVK"]
[BlackTeamCountry "SVK"]

1. d4 Nf6 2. c4 g6 3. Nc3 Bg7 4. e4 d6 5. Be2 0-0 6. f4 c5 7. dxc5 dxc5 8. Be3 Qa5 9. Bd2 e6 10. Nf3 Bd7 11. 0-0 a6 12. Qb3 Qc7 13. e5 Ne8 14. Be3 b6 15. Na4 Bxa4 16. Qxa4 Nc6 17. Rad1 f6 18. exf6 Rxf6 19. Ng5 Nd4 20. Bg4 Nf5 21. Rd7 Qc8 22. Bxf5 exf5 23. Rfd1 1/2-1/2

[Event "SVK-chT3A2 2122"]
[Site "Slovakia"]
[Date "2022.01.30"]
[Round "8.2"]
[White "Palka, Miroslav"]
[Black "Mikudik, Ivan"]
[Result "1/2-1/2"]
[WhiteElo "1754"]
[BlackElo "1902"]
[PlyCount "35"]
[EventDate "2021.10.10"]
[EventType "team-tourn"]
[EventRounds "11"]
[EventCountry "SVK"]
[SourceTitle "EXT 2023"]
[Source "ChessBase"]
[SourceDate "2022.10.05"]
[SourceVersion "1"]
[SourceVersionDate "2022.10.05"]
[SourceQuality "1"]
[WhiteTeam "Skalica"]
[BlackTeam "Vrbove"]
[WhiteTeamCountry "SVK"]
[BlackTeamCountry "SVK"]

1. c4 c5 2. Nc3 Nc6 3. g3 g6 4. Bg2 Bg7 5. e4 d6 6. Nge2 Bg4 7. 0-0 Qd7 8. Nd5 Nf6 9. f3 Be6 10. d3 0-0 11. Be3 Rab8 12. Rb1 b5 13. b3 Ne8 14. Nef4 Nc7 15. Nxc7 Qxc7 16. Nxe6 fxe6 17. Qd2 Bd4 18. Bxd4 1/2-1/2

[Event "SVK-chT3A2 2122"]
[Site "Slovakia"]
[Date "2021.10.24"]
[Round "2.2"]
[White "Mikudik, Ivan"]
[Black "Arendas, Marek"]
[Result "1/2-1/2"]
[WhiteElo "1902"]
[BlackElo "2104"]
[PlyCount "85"]
[EventDate "2021.10.10"]
[EventType "team-tourn"]
[EventRounds "11"]
[EventCountry "SVK"]
[SourceTitle "EXT 2023"]
[Source "ChessBase"]
[SourceDate "2022.10.05"]
[SourceVersion "1"]
[SourceVersionDate "2022.10.05"]
[SourceQuality "1"]
[WhiteTeam "Vrbove"]
[BlackTeam "Trnava Lokomotiva"]
[WhiteTeamCountry "SVK"]
[BlackTeamCountry "SVK"]

1. d4 d5 2. c4 c6 3. Nc3 Nf6 4. Nf3 g6 5. e3 Bg7 6. Bd3 0-0 7. Qb3 a6 8. Bd2 e6 9. cxd5 exd5 10. Na4 Nbd7 11. Rc1 Re8 12. 0-0 Ne4 13. Rfd1 Nxd2 14. Rxd2 f5 15. g3 Qe7 16. Nb6 Nxb6 17. Qxb6 h6 18. b4 g5 19. a4 f4 20. exf4 gxf4 21. Re2 Qd8 22. Rxe8+ Qxe8 23. Re1 Qf8 24. Ne5 Bf5 25. Bxf5 Qxf5 26. Qxb7 Rf8 27. g4 Qg5 28. f3 Bxe5 29. Rxe5 Qg6 30. Qe7 Qd3 31. Qe6+ Kg7 32. g5 Qg6 33. Qxg6+ Kxg6 34. gxh6 Kxh6 35. Re6+ Kg5 36. Rxc6 Rb8 37. Rc5 Rxb4 38. Rxd5+ Kh4 39. a5 Ra4 40. Kf2 Ra2+ 41. Ke1 Kh3 42. Rc5 Ra4 43. d5 1/2-1/2